000 004440000a22001810004500
003 MACL
005 20160112133046.0
008 160112b xxu||||| |||| 00| 0 eng d
040 _aMACL
_cMACL
041 _aEnglish
082 _a923/SHA
100 _aSharma, M L
_91866
245 _aGandhi as a Socialist
260 _bDeep & Deep Publications
_c1980
_aNew Delhi
350 _a40
650 _aBiography
_931276
942 _cBK
_k923/Sha
_2ddc
999 _c34208
_d34208